[Event "AUTO-INT-611"]
[Site "http://www.queenalice.com/game.php?id=408493"]
[Date "2008.5.26"]
[Round "2"]
[White "chmp"]
[Black "jailsonjr"]
[Result "1-0"]
[WhiteElo "1634"]
[BlackElo "1752"]

1. e4 e5 2. Nf3 Nc6 3. d4 exd4 4. Nxd4 Nxd4 5. Qxd4 c5 6. Qe5+ Qe7 7. Qf4 d5 8.
Nc3 d4 9. Nd5 Qd6 10. Nc7+ Ke7 11. Nxa8 Nf6 12. Nc7 Qxf4 13. Bxf4 a6 14. Nd5+
Nxd5 15. exd5 h6 16. h4 Bf5 17. Bd3 Bxd3 18. cxd3 Kd7 19. O-O-O Bd6 20. g3 Bxf4+
21. gxf4 Re8 22. Rde1 Rf8 23. Re2 f6 24. Rhe1 Rf7 25. Re6 g6 26. d6 g5 27. Re7+
Rxe7 28. dxe7 1-0

[Event "AUTO-INT-1078"]
[Site "http://www.queenalice.com/game.php?id=480990"]
[Date "2008.10.22"]
[Round "1"]
[White "sadick"]
[Black "chmp"]
[Result "1-0"]
[WhiteElo "1828"]
[BlackElo "1685"]

1. d4 d5 2. Nc3 Nc6 3. Bf4 f6 4. Nb5 e5 5. dxe5 fxe5 6. Bg3 a6 7. Nc3 Bg4 8.
Qxd5 Nf6 9. Qxd8+ Rxd8 10. e3 Bb4 11. f3 Bh5 12. Bc4 b5 13. Bb3 1-0

[Event "AUTO-INT-1078"]
[Site "http://www.queenalice.com/game.php?id=480991"]
[Date "2008.10.22"]
[Round "1"]
[White "chmp"]
[Black "sadick"]
[Result "0-1"]
[WhiteElo "1675"]
[BlackElo "1838"]

1. e4 c5 2. Bc4 e6 3. Nc3 Nc6 4. d3 Na5 5. f4 Nxc4 6. dxc4 g6 7. e5 b6 8. Nb5
Ba6 9. Nf3 Bxb5 10. cxb5 d5 11. c3 Qd7 12. a4 Ne7 13. g4 Bg7 0-1

[Event "AUTO-INT-1078"]
[Site "http://www.queenalice.com/game.php?id=481008"]
[Date "2008.10.22"]
[Round "1"]
[White "chmp"]
[Black "guerraitapira"]
[Result "0-1"]
[WhiteElo "1666"]
[BlackElo "1745"]

1. d4 d5 2. Nc3 Nc6 3. e4 e6 4. e5 Bb4 5. a3 Bxc3+ 6. bxc3 a6 7. c4 h6 8. Nf3 f6
9. g4 b6 10. a4 Bb7 11. c3 Na5 12. cxd5 Qxd5 13. Bg2 Qe4+ 14. Be3 Qxg4 15. h3
Qxg2 16. Rg1 Qxh3 17. Rg3 Qf5 18. Nh4 Qe4 19. Qh5+ Kd7 20. Qf7+ Ne7 21. Rxg7
Rae8 22. Ng6 Qh1+ 23. Ke2 Qxa1 24. Nxe7 Rhf8 25. Qg6 Qb2+ 26. Ke1 Qxc3+ 27. Bd2
Qa1+ 28. Ke2 fxe5 29. Nd5+ Kd6 30. Nxc7 Bf3+ 31. Ke3 Qxd4# 0-1

[Event "AUTO-INT-1078"]
[Site "http://www.queenalice.com/game.php?id=481009"]
[Date "2008.10.22"]
[Round "1"]
[White "guerraitapira"]
[Black "chmp"]
[Result "1-0"]
[WhiteElo "1723"]
[BlackElo "1666"]

1. e4 e5 2. Nf3 Nf6 3. Bc4 d5 4. exd5 Nxd5 5. Qe2 Nc6 6. d3 f5 7. Nxe5 Be7 8.
Bg5 Bxg5 9. Nxc6+ Qe7 10. Nxe7 Nxe7 11. Nc3 c6 12. Qh5+ g6 13. Qxg5 h6 14. Qf6
Rf8 15. Qe5 b5 16. Be6 Bxe6 17. Qxe6 b4 18. Ne2 a5 19. Nf4 h5 20. Nxg6 Rf7 21.
O-O Rg7 22. Nxe7 Rxe7 23. Qxc6+ Kd8 24. Qxa8+ Kd7 25. Qd5+ Kc8 26. Rfe1 1-0

[Event "AUTO-INT-1288"]
[Site "http://www.queenalice.com/game.php?id=580013"]
[Date "2009.4.29"]
[Round "1"]
[White "chyco"]
[Black "chmp"]
[Result "0-1"]
[WhiteElo "1471"]
[BlackElo "1730"]

1. e4 e5 2. Qf3 Nf6 3. Bc4 c6 4. Nh3 h6 5. Qb3 d5 6. exd5 cxd5 7. Bb5+ Bd7 8.
Be2 Bc6 9. Bb5 a6 10. Bxc6+ bxc6 11. Qb7 Nbd7 12. Qxc6 Qc8 13. Qa4 Qc4 14. Qxc4
dxc4 15. c3 Nc5 16. O-O e4 17. Nf4 Bd6 18. Nh3 Nd3 19. a3 a5 20. a4 Ng4 21. f3
Nxh2 22. fxe4 Nxf1 23. Kxf1 Nxc1 24. d3 cxd3 25. Nd2 Ne2 26. Nf2 Nf4 27. g3 Ne6
28. Nxd3 Bxg3 29. Nb3 O-O 30. Nbc5 Rfd8 31. Kg2 Bc7 32. Rf1 Bb6 33. Nxe6 fxe6
34. Ne5 Rd2+ 35. Kh1 Rxb2 36. Nc4 Rb3 37. Kh2 Bc7+ 38. Kg1 Rxc3 39. Nd2 Bb6+ 40.
Kg2 Rc2 41. Rd1 Rd8 42. Kf3 Rcxd2 43. Rb1 R8d3+ 44. Kg4 Rg2+ 45. Kf4 g5+ 46. Ke5
Bc7+ 47. Kf6 Bd8+ 48. Kg6 e5 49. Rb7 Rd6+ 50. Kf5 Bf6 51. Ra7 Bd8 52. Kxe5 Rgd2
53. Kf5 h5 54. e5 R6d5 55. Kg6 Rxe5 56. Rg7+ Kf8 57. Kh7 h4 58. Rg8+ Ke7 59. Kg6
h3 60. Rg7+ Ke8 61. Rf7 h2 62. Kg7 Re7 63. Rxe7+ Bxe7 64. Kg6 h1=Q 65. Kf5 Qf3+
66. Ke5 Qd5# 0-1

[Event "AUTO-INT-1288"]
[Site "http://www.queenalice.com/game.php?id=580014"]
[Date "2009.4.29"]
[Round "1"]
[White "chmp"]
[Black "chyco"]
[Result "1-0"]
[WhiteElo "1683"]
[BlackElo "1495"]

1. e4 c5 2. Bb5 e5 3. c4 Qg5 4. g3 a6 5. h4 Qf6 6. Ba4 Ne7 7. h5 h6 8. Nf3 Qg5
9. Nxg5 hxg5 10. d3 f6 11. Nc3 g6 12. Nd5 Nxd5 13. cxd5 b5 14. Bb3 d6 15. Qf3 g4
16. Qxf6 Rg8 17. Bg5 Rg7 18. Qd8+ Kf7 19. h6 Rh7 20. Qf6+ Kg8 21. Qxg6+ Bg7 22.
O-O-O Ra7 23. hxg7 Raxg7 24. Qe8# 1-0

[Event "AUTO-INT-1288"]
[Site "http://www.queenalice.com/game.php?id=580031"]
[Date "2009.4.29"]
[Round "1"]
[White "chmp"]
[Black "nadigo"]
[Result "1-0"]
[WhiteElo "1691"]
[BlackElo "1368"]

1. Nf3 d5 2. d4 Nc6 3. Bg5 Nf6 4. h3 e6 5. Ne5 Be7 6. f3 Bd6 7. e4 Nxe5 8. f4
Ned7 9. e5 h6 10. Bh4 g5 11. Bf2 Ne4 12. exd6 cxd6 13. g3 f6 14. c3 gxf4 15.
Qh5+ Ke7 16. gxf4 Nxf2 17. Rg1 Qb6 18. Rg7+ Kf8 19. Qf7# 1-0

[Event "AUTO-INT-1288"]
[Site "http://www.queenalice.com/game.php?id=580032"]
[Date "2009.4.29"]
[Round "1"]
[White "nadigo"]
[Black "chmp"]
[Result "0-1"]
[WhiteElo "1428"]
[BlackElo "1694"]

1. e4 e5 2. Qf3 Nf6 3. Nc3 c6 4. Nh3 h6 5. d3 Bb4 6. Bd2 b5 7. O-O-O d5 8. Qe2
d4 9. Nb1 Qa5 10. a3 Bxd2+ 11. Rxd2 Na6 12. c3 dxc3 13. Nxc3 b4 14. Nb1 bxa3 15.
bxa3 Nc5 16. Kb2 Rb8+ 17. Kc1 Nb3+ 18. Kc2 Nd4+ 19. Kc1 Nxe2+ 20. Rxe2 Bg4 21.
Rb2 Rxb2 22. Kxb2 O-O 23. f3 Rb8+ 24. Ka2 Be6+ 25. Ka1 Qe1 26. Be2 Qxh1 0-1

[Event "AUTO-INT-1288"]
[Site "http://www.queenalice.com/game.php?id=580033"]
[Date "2009.4.29"]
[Round "1"]
[White "chmp"]
[Black "Kuroi"]
[Result "1-0"]
[WhiteElo "1699"]
[BlackElo "1705"]

1. e4 e5 2. Nf3 Nf6 3. Nxe5 d6 4. Nf3 Nxe4 5. d4 Bf5 6. Nc3 Qe7 7. Be3 Nxc3 8.
bxc3 g6 9. Bd3 Bg7 10. O-O Nc6 11. Bb5 O-O 12. Bg5 f6 13. Re1 Be4 14. Bc4+ d5
15. Bxd5+ Kh8 16. Bf4 Bxf3 17. Qxf3 Qd7 18. Rab1 Qf5 19. Rxb7 Qxc2 20. Bxc6 Qxa2
21. Rxc7 Rab8 22. Rb7 Rbc8 23. h3 Qa6 24. Bb5 Rxc3 25. Bxa6 Rxf3 26. gxf3 g5 27.
Ree7 Rg8 28. Bd6 h5 29. Bc4 Rd8 30. Rxg7 Rg8 31. Rh7# 1-0

[Event "AUTO-INT-1288"]
[Site "http://www.queenalice.com/game.php?id=580034"]
[Date "2009.4.29"]
[Round "1"]
[White "Kuroi"]
[Black "chmp"]
[Result "0-1"]
[WhiteElo "1652"]
[BlackElo "1715"]

1. e4 e5 2. Nf3 Nc6 3. Nc3 Nf6 4. Bc4 h6 5. d4 d6 6. O-O Bg4 7. h3 exd4 8. hxg4
dxc3 9. bxc3 Nxg4 10. Bd5 Be7 11. Nd4 h5 12. Nxc6 Qd7 13. Nb4 a5 14. Bxb7 axb4
15. Bxa8 O-O 16. Bd5 bxc3 17. a4 c6 18. Bc4 Ne5 19. Bd3 g6 20. a5 c5 21. a6 c4
22. Be2 Qc6 23. a7 Ra8 24. Qd4 Bf6 25. Qxc3 Nd7 26. Qe3 Bxa1 27. Bd2 Bg7 28. Bc3
Bxc3 29. Qxc3 Rxa7 30. f3 Ne5 31. f4 Qxe4 32. fxe5 Qxe2 33. Qd4 Rd7 34. Qxc4
Qxc4 0-1

[Event "Challenge"]
[Site "http://www.queenalice.com/game.php?id=581299"]
[Date "2009.5.2"]
[Round "-"]
[White "ppaazziinnii"]
[Black "chmp"]
[Result "1-0"]
[WhiteElo "1659"]
[BlackElo "1736"]

1. e4 e5 2. Nf3 f6 3. Nc3 c6 4. Bc4 b5 5. Bxg8 Rxg8 6. d4 Qc7 7. O-O b4 8. Ne2
d5 9. exd5 cxd5 10. dxe5 fxe5 11. Qxd5 Bb7 12. Qxg8 Nd7 13. Bg5 Nf6 14. Qe6+ Be7
15. Nxe5 Bd5 16. Qf5 g6 17. Qf4 Nh5 18. Qd4 Rd8 19. Bxe7 Qxe7 20. Rfe1 Bxg2 21.
Qe3 Bd5 22. Ng3 a5 23. a3 Nf6 24. Qb6 Be6 25. Qxa5 Nd5 26. Nc6 Qd6 27. Nxd8 Qxd8
28. Qxd8+ Kxd8 29. Rxe6 1-0

[Event "Challenge"]
[Site "http://www.queenalice.com/game.php?id=598849"]
[Date "2009.6.5"]
[Round "-"]
[White "knight401"]
[Black "chmp"]
[Result "0-1"]
[WhiteElo "1379"]
[BlackElo "1728"]

1. e4 e5 2. Nf3 Nc6 3. Be2 d5 4. exd5 Qxd5 5. d3 Bb4+ 6. c3 Ba5 7. h3 Nf6 8. O-O
O-O 9. Nbd2 Bf5 10. Qb3 b5 11. Re1 Rab8 12. Qxd5 Nxd5 13. Nf1 Nf4 14. Bxf4 exf4
15. d4 f6 16. b4 Bb6 0-1

[Event "Challenge"]
[Site "http://www.queenalice.com/game.php?id=652836"]
[Date "2009.9.15"]
[Round "-"]
[White "Angelo"]
[Black "chmp"]
[Result "0-1"]
[WhiteElo "1917"]
[BlackElo "1824"]

1. d4 d5 2. e3 a6 3. Nc3 Nc6 4. Nf3 f6 5. g3 e5 6. dxe5 fxe5 7. Nxd5 Nf6 8.
Nxf6+ Qxf6 9. Bg2 Bg4 10. Qd5 Nb4 11. Qe4 Bf5 12. Qxb7 Nxc2+ 13. Ke2 Rd8 14. Bd2
Bd3+ 15. Kd1 Nxa1 16. Ne1 Bb5 17. Kc1 Be7 18. f3 Qd6 0-1